000 00779cam a2200253 i 4500
001 1811041
003 JO-AjAnu
005 20231202133640.0
008 800328s1980 maua b 001 0 eng
010 _a 79088719
020 _a0395284902
040 _aDLC
_cDLC
_dDLC
_dJO-AjAnu
050 0 0 _aHD31
_b.K693
082 0 0 _a658
100 1 _aKreitner, Robert.
_eauthor
245 1 0 _aManagement, A problem-solving process /
_cRobert Kreitner.
260 _aBoston :
_bHoughton Mifflin,
_cc1980.
300 _axix, 554 p. :
_bill. ;
_c24 cm.
500 _aRev. ed. published as: Management. 2nd ed. c1983.
504 _aIncludes bibliographical references and indexes.
650 0 _aManagement.
906 _a7
_bcbc
_corignew
_d2
_eopcn
_f19
_gy-gencatlg
942 _2lcc
_cBK
_n0
999 _c33208
_d33208